00913nam a2200217 a 450000100100000000500170001000800410002702000150006804000250008308200160010824501000012426000510022430000210027553400760029658600220037270000290039404900090042395201200043295201260055299900170067800002327320200930022114.0101201s1984 mx r 000 0 spa d a9684092992 aDO-SdBNPbspacBNPHU annnnbM516h04aLas mejores historias cortas de 1983 :bPremios O. Henry /cintroducción de William Abrahams. aMéxico, D. F. :bAsociados Mexicanos,c1984. a202 p. ;c19 cm. pTítulo original en inglés:tPrize stories the O. Henry awards 1983. aPresmios O. Henry1 aAbrahams, William947915 aBNGR 001052708MOaGRbGRcCTd2010-12-01iLF1l0onnnn M516hp23273-10r2020-06-25w2020-06-25y2ZPréstamo interno 001052728MOaGRbGRcCTd2011-02-14iLF1l0onnnn M516hp23273-20r2020-06-25te. 2w2020-06-25y2ZPréstamo interno c22770d22770